00539 2200193 4500001002100000005001700021006001900038008004100057020001800098035002500116041000700141082000800148090001400156100002300170245006400193250001200257260004600269300003000315INLIS00000000000751620140226171854.0a ||| | 180719| ||| | id  a979-006-269-9 a0010-031300000007516 aid0 a636 a636 MED p0 aRedaksi Agro Media00aPetunjuk Praktis Beternak Ayam Ras Petelur, Itik, dan Puyuh a1 cet.1 aHoboken, NJbPT. Candra Awe Selarasc2009 avi + 146 hlm.; 13 x 19 cm